Name the Fruit Quiz - Statistics

General Stats
  • This quiz has been taken 57 times
  • The average score is 15 of 15
Answer Stats
Picture Answer % Correct
apple
100%
banana
100%
kiwi
100%
Lemon
100%
pineapple
100%
lime
98%
orange
98%
strawberry
98%
tomato
98%
blackberry
96%
grape
96%
peach
96%
mango
94%
grapefruit
90%
dragon fruit
88%
No matching quizzes found
Score Distribution
Percent of People with Each Score
Percentile by Number Answered
Your Score History
You have not taken this quiz